| 000 | 00849cam a22002537a 4500 | ||
|---|---|---|---|
| 999 |
_c4818 _d4818 |
||
| 001 | 3495177 | ||
| 003 | OSt | ||
| 005 | 20181214194048.0 | ||
| 008 | 940602s1993 tnu 000 0 eng | ||
| 010 | _a 94166336 | ||
| 020 | _a0840784333 | ||
| 040 |
_aDLC _cDLC _dDLC |
||
| 050 | 0 | 0 | _aMLCS 94/07659 (B) |
| 082 |
_a220 _bH418K |
||
| 100 | 1 | _aHayford, Jack W. | |
| 245 | 1 | 0 |
_aKingdom warfare : _bprayer, spiritual warfare, and the ministry of angels / _cJack W. Hayford ; with Mark Hayford. |
| 260 |
_aNashville, Tenn. : _bT. Nelson, _cc1993. |
||
| 300 |
_a158 p. ; _c22 cm. |
||
| 490 | 0 | _aThe spirit-filled life kingdom dynamics study guides | |
| 856 | 4 | 2 |
_3Publisher description _uhttp://www.loc.gov/catdir/enhancements/fy0609/94166336-d.html |
| 906 |
_a7 _bcbc _corignew _du _encip _f19 _gy-gencatlg |
||
| 942 |
_2ddc _cBK |
||